000
00226 a2200097 4500
001
48395
100
_a
Broadwell, M
245
_a
The practice of supervising
260
_a
London
_b
Addison Wesley pub
_c
090
_c
31335
_d
31335
942
_a
NUST-CAE
_c
M
_c
23709
999
_c
283468
_d
283468